LIBRARY & INFORMATION CENTRE, KCAET, TAVANUR

ONLINE PUBLIC ACCESS CATALOGUE (OPAC)

CRC Handbook of Laboratory Safety (Record no. 13881)

MARC details
000 -LEADER
fixed length control field 00301nam a22001337a 4500
020 ## - INTERNATIONAL STANDARD BOOK NUMBER
ISBN 9780849325236
082 ## - DEWEY DECIMAL CLASSIFICATION NUMBER
Classification number 542.10289 FUR/CR
100 ## - MAIN ENTRY--AUTHOR NAME
Personal name Furr,A.Keith
245 ## - TITLE STATEMENT
Title CRC Handbook of Laboratory Safety
250 ## - EDITION STATEMENT
Edition statement Ed 5
260 ## - PUBLICATION, DISTRIBUTION, ETC. (IMPRINT)
Place of publication Boca Raton
Name of publisher CRC Press
Year of publication 2010
300 ## - PHYSICAL DESCRIPTION
Number of Pages 774
942 ## - ADDED ENTRY ELEMENTS (KOHA)
Koha item type Books
Holdings
Withdrawn status Lost status Damaged status Collection code Home library Current library Shelving location Date acquired Source of acquisition Cost, normal purchase price Full call number Accession Number Koha item type
      Reference KAUAET KAUAET Reference 31/03/2012 Universal Research Books, Thrissur 4995.00 542.10289 FUR/CR 22580 Books
free website counter